00852nam a2200265Ia 4500001000900000003000500009005001700014008004100031010001100072020001800083040000900101082002200110100002000132245007800152260007000230300001800300440003000318503000800348650003400356650002800390650003900418650004800457650003800505650004300543dia_3144CHAP20251027144157.0220117s2003 xx 000 0 und d a173642 a0-07-223071-1 cCHAP a005.3695 G89 2003 aHart-Davis, Guy aHow to do everything with Microsoft Office Excel 2003 /c Guy Hart-Davis aEstados Unidos de América :b McGraw-Hill :,b Osborne,c2003 axviii, 428 p. aHow to do everything with aC/e aBusinessxComputer programs  aElectronic spreadsheets aHojas de cálculo electrónico  0aMicrosoft Excel (Programa de computadora)  aMicrosoft Excel (Computer file)  aNegociosxProgramas para computadora